000 00742nam a2200229 4500
999 _c5749
_d5749
001 5749
003 BD-JhCC
005 20190915134017.0
008 170924s2015 bg a|||| ||a| 000 0 ben d
020 _a9847009602726
035 _a(BD-JhCC) 5749
040 _aBD-JhCC
_cBD-JhCC
_dBD-JhCC
041 _aben
082 _a510
_bIQB 2015
100 _aইকবাল, মুহাম্মদ জাফর
245 _aগণিতের মজা মজার গণিত /
_cমুহাম্মদ জাফর ইকবাল
260 _aঢাকা :
_bতাম্রলিপি,
_c2015.
300 _a156 পৃ. :
_bচিত্র;
_c22 সেমি.
650 _aMathematics
942 _2ddc
_cBK
_06